Statistiques concernant Villes-arrondissements d'Allemagne

Cliquez ici pour prendre le quiz!

Statistiques générales

  • Ce quiz a été pris 19 fois
  • Le résultat moyen est 35 sur 109

Statistiques - réponses

VillePopulationLand (Région)% Correct
Berlin3 755 251Ville-état
100%
Düsseldorf629 047RNW
100%
Hamburg1 853 207Ville-état
100%
Köln1 084 831RNW*
100%
München1 512 491Bavière
100%
Frankfurt (Main)773 068Hesse
94%
Dresden563 311Saxe
88%
Leipzig616 093Saxe
88%
Hannover545 045Basse-Saxe
82%
Nürnberg523 026Bavière
82%
Bremen569 396Ville-état
76%
Mainz220 552Rhénanie-Palatinat
76%
Stuttgart632 865Bade-Wurtemberg
76%
Dortmund593 317RNW
71%
Mannheim315 554Bade-Wurtemberg
71%
Bonn336 465RNW
65%
Essen584 580RNW
59%
Freiburg im Breisgau236 140Bade-Wurtemberg
59%
Rostock209 920Mecklembourg
Poméranie-Occidentale
59%
Karlsruhe308 707Bade-Wurtemberg
53%
Kiel247 717Schleswig-Holstein
53%
Potsdam185 750Brandebourg
53%
Ulm128 928Bade-Wurtemberg
53%
Augsburg301 033Bavière
47%
Bielefeld338 332RNW
47%
Duisburg502 211RNW
47%
Erfurt214 969Thuringe
47%
Aachen252 136RNW
41%
Gelsenkirchen263 000RNW
41%
Jena111 191Thuringe
41%
Lübeck218 095Schleswig-Holstein
41%
Magdeburg239 364Saxe-Anhalt
41%
Trier112 195Rhénanie-Palatinat
41%
Wiesbaden283 083Hesse
41%
Wolfsburg125 961Basse-Saxe
41%
Baden-Baden57 025Bade-Wurtemberg
35%
Bochum365 742RNW
35%
Braunschweig251 804Basse-Saxe
35%
Koblenz113 268Rhénanie-Palatinat
35%
Leverkusen165 748RNW
35%
Mönchengladbach268 465RNW
35%
Münster320 946RNW
35%
Chemnitz248 563Saxe
29%
Göttingen118 946Basse-Saxe
29%
Ingolstadt141 029Bavière
29%
Kaiserslautern101 228Rhénanie-Palatinat
29%
Kassel204 202Hesse
29%
Oberhausen210 824RNW
29%
Osnabrück167 366Basse-Saxe
29%
Schwerin98 596Mecklembourg
Poméranie-Occidentale
29%
Wuppertal358 876RNW
29%
Bamberg19 935Bavière
24%
Cottbus99 515Brandebourg
24%
Darmstadt162 243Hesse
24%
Hagen189 783RNW
24%
Halle242 083Saxe-Anhalt
24%
Hamm180 849RNW
24%
Heidelberg162 273Bade-Wurtemberg
24%
Heilbronn128 334Bade-Wurtemberg
24%
Ludwigshafen174 265Rhénanie-Palatinat
24%
Regensburg157 443Bavière
24%
Würzburg127 810Bavière
24%
Bayreuth74 506Bavière
18%
Erlangen116 562Bavière
18%
Flensburg92 550Schleswig-Holstein
18%
Fürth131 433Bavière
18%
Gera93 634Thuringe
18%
Hof46 656Bavière
18%
Landau in der Pflaz47 610Rhénanie-Palatinat
18%
Pforzheim127 849Bade-Wurtemberg
18%
Salzgitter104 548Basse-Saxe
18%
Weimar65 620Thuringe
18%
Ansbach42 221Bavière
12%
Bottrop118 113RNW
12%
Bremerhaven113 468Ville-état
12%
Herne157 368RNW
12%
Krefeld228 426RNW
12%
Mülheim an der Ruhr172 404RNW
12%
Oldenburg172 830Basse-Saxe
12%
Passau53 907Bavière
12%
Pirmasens40 682Rhénanie-Palatinat
12%
Remscheid112 613RNW
12%
Amberg42 534Bavière
6%
Aschaffenburg72 444Bavière
6%
Brandenburg an der Havel73 609Brandebourg
6%
Delmenhorst78 385Basse-Saxe
6%
Dessau-Roßlau79 655Saxe-Anhalt
6%
Emden50 335Basse-Saxe
6%
Frankenthal49 051Rhénanie-Palatinat
6%
Frankfurt (Oder)58 230Brandebourg
6%
Kaufbeuren45 792Bavière
6%
Kempten70 056Bavière
6%
Landschut75 457Bavière
6%
Memmingen45 857Bavière
6%
Neumünster79 502Schleswig-Holstein
6%
Neustadt an der Weinstraße53 981Rhénanie-Palatinat
6%
Offenbach am Main134 170Hesse
6%
Schwabach41 227Bavière
6%
Schweinfurt54 675Bavière
6%
Speyer51 368Rhénanie-Palatinat
6%
Straubing49 164Bavière
6%
Suhl37 009Thuringe
6%
Worms84 646Rhénanie-Palatinat
6%
Zweibrücken34 534Rhénanie-Palatinat
6%
Coburg41 842Bavière
0%
Rosenheim64 403Bavière
0%
Soligen160 643RNW
0%
Weider in der Oberpfalz43 052Bavière
0%
Wilhelmshafen76 085Basse-Saxe
0%

Distribution des résultats

Percentile par nombre de réponses

% des personnes avec chaque résultat

Votre développement - résultats

Vous n’avez pas pris ce quiz